Rozvoj vidieckeho turizmu v podmienkach Slovenska.
Slovensko má dobré podmienky pre vidiecky cestovný ruch. Zahraničné skúsenosti s vidieckym - "zeleným" - turizmom (Rakúsko, Maďarsko). Program podpory rozvoja vidieckeho turizmu na Slovensku. Pracovné príležitosti na vidieku. Agroturizmus ako doplnková činnosť poľnohospodárskych podnikov.
Enregistré dans:
| Auteur principal: | |
|---|---|
| Format: | Chapitre de livre |
| Langue: | slovaque |
| Sujets: | |
| Tags: |
Pas de tags, Soyez le premier à ajouter un tag!
|
MARC
| LEADER | 00000naa a2200000 4500 | ||
|---|---|---|---|
| 001 | r013075 | ||
| 005 | 20221213122721.9 | ||
| 041 | 0 | |a slo | |
| 044 | |a SK | ||
| 245 | 1 | 0 | |a Rozvoj vidieckeho turizmu v podmienkach Slovenska. |c František Mach |
| 520 | |a Slovensko má dobré podmienky pre vidiecky cestovný ruch. Zahraničné skúsenosti s vidieckym - "zeleným" - turizmom (Rakúsko, Maďarsko). Program podpory rozvoja vidieckeho turizmu na Slovensku. Pracovné príležitosti na vidieku. Agroturizmus ako doplnková činnosť poľnohospodárskych podnikov. | ||
| 610 | 2 | 0 | |a ruch cestovný |
| 610 | 2 | 0 | |a agroturistika |
| 610 | 2 | 0 | |a Slovensko |
| 610 | 2 | 0 | |a Rakúsko |
| 610 | 2 | 0 | |a MR |
| 610 | 2 | 0 | |a príležitosť pracovná |
| 610 | 2 | 0 | |a vidiek |
| 100 | 1 | |a Mach, František | |